Transformation, technological gap and foreign Capital.
Pre transformujúcu sa čs. ekonomiku je charakteristický veľký rozdiel v produktivite a v konkurencieschopnosti, problém osobitne zložitý v súvislosti s liberalizáciou obchodu a konvertibilitou meny. Jedným z možných riešení sú priame zahraničné investície v čs. podnikoch. Skúmanie tohto problému.
Gespeichert in:
| 1. Verfasser: | |
|---|---|
| Format: | Buchkapitel |
| Sprache: | Englisch |
| Schlagworte: | |
| Tags: |
Keine Tags, Fügen Sie das erste Tag hinzu!
|
MARC
| LEADER | 00000naa a2200000 4500 | ||
|---|---|---|---|
| 001 | r006574 | ||
| 005 | 20221125080952.4 | ||
| 041 | 0 | |a eng | |
| 044 | |a [CS] | ||
| 245 | 1 | 0 | |a Transformation, technological gap and foreign Capital. |c Stanislava Janáčková |
| 520 | |a Pre transformujúcu sa čs. ekonomiku je charakteristický veľký rozdiel v produktivite a v konkurencieschopnosti, problém osobitne zložitý v súvislosti s liberalizáciou obchodu a konvertibilitou meny. Jedným z možných riešení sú priame zahraničné investície v čs. podnikoch. Skúmanie tohto problému. | ||
| 610 | 2 | 0 | |a reformy hospodárske |
| 610 | 2 | 0 | |a konkurencieschopnosť |
| 610 | 2 | 0 | |a konvertibilita |
| 610 | 2 | 0 | |a kapitál zahraničný |
| 610 | 2 | 0 | |a investície zahraničné |
| 610 | 2 | 0 | |a technológia |
| 610 | 2 | 0 | |a liberalizácia |
| 610 | 2 | 0 | |a ČSFR |
| 610 | 2 | 0 | |a podnik |
| 100 | 1 | |a Janáčková, Stanislava | |